Resumen estadístico de la educación en el mundo 1970-1984

Guardado en:
Bibliografiske detaljer
Institution som forfatter: Organización de las Naciones Unidas
Format: Texto
Udgivet: Ginebra: Naciones Unidas
Tags: Tilføj Tag
Ingen Tags, Vær først til at tagge denne postø!

MARC

LEADER 00000 a a2200000 04500
001 25136
003
040 |a CRAI/IIS  |c CRAI/IIS 
090 |a 182100  
110 |a Organización de las Naciones Unidas  
245 |a Resumen estadístico de la educación en el mundo 1970-1984  
260 |a Ginebra:   |b Naciones Unidas  
300 |a 75 p.  
999 |c 4189  |d 4189